Shared First Names - Statistics

General Stats
  • This quiz has been taken 212 times
  • The average score is 14 of 18
Answer Stats
Last Names First Name % Correct
Curtis, Hathaway, Frank Anne
96%
Marley, Dylan, Saget Bob
96%
Truman, Houdini, Styles Harry
96%
Hamill, Wahlberg, Zuckerberg Mark
95%
Jobs, Carrell, Harvey Steve
95%
Gore, Pacino, Capone Al
94%
Radcliffe, Craig, Tosh Daniel
91%
Mignolet, Bolivar, Cowell Simon
91%
Sandler, Levine Lambert Adam
90%
Seacrest, Gosling, Higa Ryan
90%
Watson, Stone, Roberts Emma
89%
Ruby, Nicholson, Kerouac Jack
86%
Hyland, Clarkson, Rowland Kelly
80%
Thatcher, Haddix, Sanger Margaret
80%
Retton, Blige, Osborne Mary
61%
Osment, Dickinson, Deschanel Emily
59%
Fox, Park, Rapinoe Megan
41%
Bush, Marano, Wilder Laura
20%
No matching quizzes found
Score Distribution
Percent of People with Each Score
Percentile by Number Answered
Your Score History
You have not taken this quiz